Plan Nacional sobre Drogas (Registro nro. 18200)
[ vista simple ]
| 000 -CABECERA | |
|---|---|
| Longitud fija campo de control | 01240nam a2200349 c 4500 |
| 001 - NÚMERO DE CONTROL | |
| Número de control | 18200 |
| 003 - IDENTIFICADOR DE NÚMERO DE CONTROL | |
| Identificador del número de control | ES-MaCES |
| 005 - FECHA Y HORA DE LA ÚLTIMA TRANSACCIÓN | |
| Fecha y hora de la última transacción | 20141221122527.0 |
| 008 - CAMPO FIJO DE DESCRIPCIÓN FIJA--INFORMACIÓN GENERAL | |
| Códigos de información de longitud fija | 051116s2005 sp d t o000 | spa d |
| 017 ## - NÚMERO DE REGISTRO DE DERECHOS DE AUTOR Y DEPÓSITO LEGAL | |
| Número de copyright o de depósito legal | M 42618-2005 |
| Agencia que asigna el número | DL |
| 024 7# - OTROS IDENTIFICADORES | |
| Número normalizado o código | 351-05-029-1 |
| Fuente del número o código | nipo |
| 035 ## - NÚMERO DE CONTROL DEL SISTEMA | |
| Número de control del sistema | CES20050013251m |
| 040 ## - FUENTE DE CATALOGACIÓN | |
| Centro catalogador de origen | ES-MaCES |
| Lengua de catalogación | spa |
| Centro transcriptor | ES-MaCES |
| 110 1# - ENCABEZAMIENTO PRINCIPAL--NOMBRE CORPORATIVO | |
| Nombre de entidad corporativa o nombre de jurisdicción como elemento inicial | España |
| Unidad subordinada | Delegación del Gobierno para el Plan Nacional sobre Drogas |
| 9 (RLIN) | 2763 |
| 245 10 - MENCIÓN DE TÍTULO | |
| Título | Plan Nacional sobre Drogas |
| Resto del título | : memoria 2003 |
| Mención de responsabilidad, etc. | [Delegación del Gobierno para el Plan Nacional sobre Drogas] |
| 260 ## - PUBLICACIÓN, DISTRIBUCIÓN, ETC (PIE DE IMPRENTA) | |
| Lugar de publicación, distribución, etc. | [Madrid] |
| Nombre del editor, distribuidor, etc. | Ministerio de Sanidad y Consumo, Centro de Publicaciones |
| Fecha de publicación, distribución, etc. | [2005] |
| 300 ## - DESCRIPCIÓN FÍSICA | |
| Extensión | 322 p. |
| Otras características físicas | gráf. col. |
| Dimensiones | 30 cm |
| 541 ## - NOTA DE LA FUENTE INMEDIANTE DE ADQUISICIÓN | |
| Forma de adquisición | Gratuito |
| 650 #4 - ASIENTO SECUNDARIO DE MATERIA--TÉRMINO DE MATERIA | |
| Término de materia o nombre geográfico como elemento inicial | droga |
| 9 (RLIN) | 28707 |
| 650 #4 - ASIENTO SECUNDARIO DE MATERIA--TÉRMINO DE MATERIA | |
| Término de materia o nombre geográfico como elemento inicial | uso indebido de drogas |
| 9 (RLIN) | 27048 |
| 650 #4 - ASIENTO SECUNDARIO DE MATERIA--TÉRMINO DE MATERIA | |
| Término de materia o nombre geográfico como elemento inicial | memoria anual |
| 9 (RLIN) | 28977 |
| 650 #4 - ASIENTO SECUNDARIO DE MATERIA--TÉRMINO DE MATERIA | |
| Término de materia o nombre geográfico como elemento inicial | informe de actividades |
| 9 (RLIN) | 28984 |
| 650 #4 - ASIENTO SECUNDARIO DE MATERIA--TÉRMINO DE MATERIA | |
| Término de materia o nombre geográfico como elemento inicial | España |
| 9 (RLIN) | 26964 |
| 650 #4 - ASIENTO SECUNDARIO DE MATERIA--TÉRMINO DE MATERIA | |
| Término de materia o nombre geográfico como elemento inicial | 2003 |
| 9 (RLIN) | 31178 |
| 653 10 - TÉRMINO DE INDEXACIÓN--NO CONTROLADO | |
| Término no controlado | Asuntos Sociales |
| 710 1# - ENCABEZAMIENTO SECUNDARIO--NOMBRE CORPORATIVO | |
| Nombre de entidad o nombre de jurisdicción como elemento inicial | España |
| Unidad subordinada | Ministerio de Sanidad y Consumo |
| Término indicativo de función | ed. |
| 9 (RLIN) | 3269 |
| 787 0# - ENTRADA DE OTRAS ESPECIFICACIONES | |
| Título | Plan Nacional sobre Drogas |
| Número de control del registro relacionado | (ES-MaCES)19537 |
| 787 0# - ENTRADA DE OTRAS ESPECIFICACIONES | |
| Título | Plan Nacional sobre Drogas |
| Número de control del registro relacionado | (ES-MaCES)15671 |
| 902 ## - CES. TIPO DE DOCUMENTO | |
| Tipodoc (006$c Sirtex) | LIB Libro |
| 942 ## - ELEMENTOS KOHA | |
| Fuente de clasificaión o esquema | Clasificación propia del CES |
| Koha [por defecto] tipo de item | Monografías |
| Parte de clasificación | 3.3. |
| Número de registro | Signatura completa | Tipo de item de Koha |
|---|---|---|
| 062656 | SG-3.3.-824 | Monografías |
